Judicial control of administrative action / (Record no. 103064)

MARC details
000 -LEADER
fixed length control field 00663nam a22002057a 4500
005 - DATE AND TIME OF LATEST TRANSACTION
control field 20160907125617.0
010 ## - LCCN (DPL NO)
LC control number ENG-115949
020 ## - INTERNATIONAL STANDARD BOOK NUMBER
International Standard Book Number 9789350357125
Terms of availability 1850.00
035 ## - SYSTEM CONTROL NUMBER
System control number EN-99481
037 ## - SOURCE OF ACQUISITION
Source of stock number/acquisition DBAD/PUB
082 ## - DEWEY DECIMAL CLASSIFICATION NUMBER
Classification number 342.5406
100 ## - MAIN ENTRY--PERSONAL NAME
Personal name Banerjee,Bhaskar Prosad
245 ## - TITLE STATEMENT
Title Judicial control of administrative action /
Statement of responsibility, etc by Bhaskar Prosad Banerjee
250 ## - EDITION STATEMENT
Edition statement 3rd ed.
260 ## - PUBLICATION, DISTRIBUTION, ETC. (IMPRINT)
Place of publication, distribution, etc Gurgaon
Name of publisher, distributor, etc LexisNexis
Date of publication, distribution, etc 2016
270 ## - ADDRESS
Address 14th Floor, Building No.10, Tower-B, DLF Cyber City, Phase-II
City Gurgaon (Haryana)
Postal code 122002
300 ## - PHYSICAL DESCRIPTION
Extent ccxxiii1626 p.
Dimensions 25cm(Hb.)
500 ## - GENERAL NOTE
General note Includes index
942 ## - ADDED ENTRY ELEMENTS (KOHA)
Source of classification or shelving scheme Dewey Decimal Classification
Item type English Books
Call number suffix BAN
Classification part 342.5406
Holdings
Withdrawn status Lost status Not for loan Collection code Home library Current library Date acquired Source of acquisition Cost, normal purchase price Full call number Barcode Copy number Cost, replacement price Koha item type
    Not For Loan Reference Central Library Central Library 07/09/2016 DBAD/PUB 1850.00 342.5406 BAN EN-99481 1 1850.00 English Books

© Delhi Public Library
Hit Counter
free hit counter